header

Children moving : (Record no. 251303)

MARC details
000 -LEADER
fixed length control field 01253cam a2200325 a 4500
001 - CONTROL NUMBER
control field 614898
003 - CONTROL NUMBER IDENTIFIER
control field OSt
005 - DATE AND TIME OF LATEST TRANSACTION
control field 20151116102957.0
008 - FIXED-LENGTH DATA ELEMENTS--GENERAL INFORMATION
fixed length control field 920429s1993 enka b 001 0 eng
010 ## - LIBRARY OF CONGRESS CONTROL NUMBER
LC control number 92015888
020 ## - INTERNATIONAL STANDARD BOOK NUMBER
International Standard Book Number 1559341300 (cloth) :
Terms of availability $41.95
040 ## - CATALOGING SOURCE
Original cataloging agency DLC
Transcribing agency DLC
Modifying agency DLC
-- OCoLC
-- DLC
043 ## - GEOGRAPHIC AREA CODE
Geographic area code n-us---
050 00 - LIBRARY OF CONGRESS CALL NUMBER
Classification number GV443
Item number .G73 1993
082 00 - DEWEY DECIMAL CLASSIFICATION NUMBER
Classification number 372.86/044
Edition number 20
100 1# - MAIN ENTRY--PERSONAL NAME
Personal name Graham, George,
Dates associated with a name 1943-
245 10 - TITLE STATEMENT
Title Children moving :
Remainder of title a reflective approach to teaching physical education /
Statement of responsibility, etc George Graham, Shirley Ann Holt/Hale, Melissa Parker.
250 ## - EDITION STATEMENT
Edition statement 3rd ed.
260 ## - PUBLICATION, DISTRIBUTION, ETC. (IMPRINT)
Place of publication, distribution, etc Mountain View, Calif. :
Name of publisher, distributor, etc Mayfield Pub. Co.,
Date of publication, distribution, etc c1993.
300 ## - PHYSICAL DESCRIPTION
Extent xxi, 553 p. :
Other physical details ill. (some col.) ;
Dimensions 29 cm.
504 ## - BIBLIOGRAPHY, ETC. NOTE
Bibliography, etc Includes bibliographical references and index.
650 #0 - SUBJECT ADDED ENTRY--TOPICAL TERM
Topical term or geographic name as entry element Physical education for children
General subdivision Study and teaching
Geographic subdivision United States.
Topical term or geographic name as entry element Physical education for children
General subdivision Curricula
Geographic subdivision United States.
Topical term or geographic name as entry element Movement education
Geographic subdivision United States.
700 1# - ADDED ENTRY--PERSONAL NAME
Personal name Holt/Hale, Shirley Ann.
Personal name Parker, Melissa.
906 ## - LOCAL DATA ELEMENT F, LDF (RLIN)
a 7
b cbc
c orignew
d 1
e ocip
f 19
g y-gencatlg
942 ## - ADDED ENTRY ELEMENTS (KOHA)
Source of classification or shelving scheme Library of Congress Classification
Koha item type Long Loan Books
Holdings
Withdrawn status Lost status Source of classification or shelving scheme Damaged status Not for loan Collection code Home library Current library Shelving location Date acquired Total Checkouts Full call number Barcode Date last seen Date checked out Price effective from Koha item type
    Library of Congress Classification     Non-fiction Rongo University Library Rongo University Library General Stacks 24/11/2015 2 GV443 .G73 1993 20157851 14/02/2025 14/02/2025 24/11/2015 Long Loan Books

© 2026 Rongo University
Contact us: librarian | system librarian | Rongo university